Stati del Gruppo degli stati dell'Africa, dei Caraibi e del Pacifico - Statistics

Statistiche generali
  • Questo quiz è stato fatto 8 volte
  • Il punteggio medio è 62 su 79
Statistiche sulle risposte
Continente Nazione % Corretto
America del Nord Dominica
100%
Oceania Figi
100%
America del Nord Giamaica
100%
America del Nord Haiti
100%
Oceania Isole Marshall
100%
Oceania Isole Salomone
100%
Oceania Nauru
100%
Oceania Palau
100%
America del Nord Repubblica Dominicana
100%
Oceania Samoa
100%
Oceania Tonga
100%
Oceania Tuvalu
100%
Africa Angola
86%
America del Nord Bahamas
86%
America del Nord Barbados
86%
Africa Benin
86%
Africa Botswana
86%
Africa Burundi
86%
Africa Capo Verde
86%
America del Nord Cuba
86%
Africa Eritrea
86%
Africa Etiopia
86%
Africa Gabon
86%
Africa Gambia
86%
Africa Ghana
86%
America del Nord Grenada
86%
Africa Guinea
86%
Africa Guinea-Bissau
86%
Africa Lesotho
86%
Africa Liberia
86%
Africa Madagascar
86%
Africa Mali
86%
Africa Mauritania
86%
Africa Mozambico
86%
Africa Namibia
86%
Africa Niger
86%
Africa Nigeria
86%
Africa Repubblica del Congo
86%
Africa Repubblica Democratica del Congo
86%
Africa Ruanda
86%
America del Nord Saint Kitts e Nevis
86%
America del Nord Saint Lucia
86%
America del Nord Saint Vincent e Grenadine
86%
Africa Senegal
86%
Africa Seychelles
86%
Africa Somalia
86%
Oceania Stati Federati di Micronesia
86%
Africa Sudafrica
86%
Africa Sudan
86%
Africa Tanzania
86%
Africa Togo
86%
Oceania Vanuatu
86%
Africa Zimbabwe
86%
America del Nord Antigua e Barbuda
71%
America del Nord Belize
71%
Africa Burkina Faso
71%
Africa Camerun
71%
Africa Ciad
71%
Africa Comore
71%
Africa Costa d'Avorio
71%
Africa eSwatini
71%
Africa Gibuti
71%
Africa Guinea Equatoriale
71%
Africa Kenya
71%
Africa Mauritius
71%
Oceania Papua Nuova Guinea
71%
Africa Repubblica Centrafricana
71%
Africa São Tomé e Príncipe
71%
America del Nord Trinidad e Tobago
71%
Africa Uganda
71%
Oceania Kiribati
57%
Africa Malawi
57%
Africa Sierra Leone
57%
America del Nord Guyana
29%
Oceania Isole Cook
29%
Oceania Niue
29%
America del Nord Suriname
29%
Oceania Timor Est
14%
Africa Ban Zambia
0%
Nessun quiz corrispondente trovato
Distribuzione punteggi
Percentuale di utenti per punteggio
Percentile per numero di risposta
I tuoi punteggi nel tempo
Non hai fatto questo quiz